000 00419cam a22001337a 4500
008 180718b1962 xxu||||| |||| 00| 0 eng d
082 _aB262x54 Si64i
100 _aSingh, Harnam
245 _aIndian national movement and American opinion
_cby Harnam Singh
260 _aDelhi
_bCentral Electric Press
_c1962
300 _avi, 400p
650 _aIndia --Foreign public opinion, American.
650 _aNationalism --India
999 _c421036
_d421036